<?xml version="1.0" encoding="UTF-8"?><?xml-stylesheet type="text/xsl" href="static/style.xsl"?><OAI-PMH xmlns="http://www.openarchives.org/OAI/2.0/" xmlns:xsi="http://www.w3.org/2001/XMLSchema-instance" xsi:schemaLocation="http://www.openarchives.org/OAI/2.0/ http://www.openarchives.org/OAI/2.0/OAI-PMH.xsd"><responseDate>2026-04-18T02:13:23Z</responseDate><request verb="GetRecord" identifier="oai:repisalud.isciii.es:20.500.12105/15651" metadataPrefix="marc">https://repisalud.isciii.es/rest/oai/request</request><GetRecord><record><header><identifier>oai:repisalud.isciii.es:20.500.12105/15651</identifier><datestamp>2024-11-28T20:24:44Z</datestamp><setSpec>com_20.500.12105_19604</setSpec><setSpec>com_20.500.12105_2051</setSpec><setSpec>com_20.500.12105_15322</setSpec><setSpec>col_20.500.12105_19605</setSpec><setSpec>col_20.500.12105_16967</setSpec><setSpec>col_20.500.12105_16969</setSpec><setSpec>col_20.500.12105_16977</setSpec></header><metadata><record xmlns="http://www.loc.gov/MARC21/slim" xmlns:dcterms="http://purl.org/dc/terms/" xmlns:doc="http://www.lyncode.com/xoai" xmlns:xsi="http://www.w3.org/2001/XMLSchema-instance" xsi:schemaLocation="http://www.loc.gov/MARC21/slim http://www.loc.gov/standards/marcxml/schema/MARC21slim.xsd">
   <leader>00925njm 22002777a 4500</leader>
   <datafield ind2=" " ind1=" " tag="042">
      <subfield code="a">dc</subfield>
   </datafield>
   <datafield ind2=" " ind1=" " tag="720">
      <subfield code="a">Garcia-Lunar, Ines</subfield>
      <subfield code="e">author</subfield>
   </datafield>
   <datafield ind2=" " ind1=" " tag="720">
      <subfield code="a">van der Ploeg, Hidde P</subfield>
      <subfield code="e">author</subfield>
   </datafield>
   <datafield ind2=" " ind1=" " tag="720">
      <subfield code="a">Fernández Alvira, Juan Miguel</subfield>
      <subfield code="e">author</subfield>
   </datafield>
   <datafield ind2=" " ind1=" " tag="720">
      <subfield code="a">van Nassau, Femke</subfield>
      <subfield code="e">author</subfield>
   </datafield>
   <datafield ind2=" " ind1=" " tag="720">
      <subfield code="a">Castellano Vázquez, Jose Maria</subfield>
      <subfield code="e">author</subfield>
   </datafield>
   <datafield ind2=" " ind1=" " tag="720">
      <subfield code="a">van der Beek, Allard J</subfield>
      <subfield code="e">author</subfield>
   </datafield>
   <datafield ind2=" " ind1=" " tag="720">
      <subfield code="a">Rossello, Xavier</subfield>
      <subfield code="e">author</subfield>
   </datafield>
   <datafield ind2=" " ind1=" " tag="720">
      <subfield code="a">Fernández-Ortiz, Antonio</subfield>
      <subfield code="e">author</subfield>
   </datafield>
   <datafield ind2=" " ind1=" " tag="720">
      <subfield code="a">Coffeng, Jennifer</subfield>
      <subfield code="e">author</subfield>
   </datafield>
   <datafield ind2=" " ind1=" " tag="720">
      <subfield code="a">van Dongen, Johanna M</subfield>
      <subfield code="e">author</subfield>
   </datafield>
   <datafield ind2=" " ind1=" " tag="720">
      <subfield code="a">Mendiguren, Jose Maria</subfield>
      <subfield code="e">author</subfield>
   </datafield>
   <datafield ind2=" " ind1=" " tag="720">
      <subfield code="a">Ibáñez, Borja</subfield>
      <subfield code="e">author</subfield>
   </datafield>
   <datafield ind2=" " ind1=" " tag="720">
      <subfield code="a">van Mechelen, Willem</subfield>
      <subfield code="e">author</subfield>
   </datafield>
   <datafield ind2=" " ind1=" " tag="720">
      <subfield code="a">Fuster, Valentin</subfield>
      <subfield code="e">author</subfield>
   </datafield>
   <datafield ind2=" " ind1=" " tag="260">
      <subfield code="c">2022-10-11</subfield>
   </datafield>
   <datafield ind2=" " ind1=" " tag="520">
      <subfield code="a">Aims: To investigate the effectiveness of a 3-year worksite lifestyle intervention on cardiovascular metrics and to study whether outcomes are influenced by baseline subclinical atherosclerosis (SA) by non-invasive imaging. Methods and results: A randomized controlled trial was performed to compare a lifestyle intervention with standard of care in asymptomatic middle-aged subjects, stratified by SA. The intervention consisted of nine motivational interviews during the first year, followed by three further sessions between Years 1 and 3. The primary outcome was the change in a pre-specified adaptation of the Fuster-BEWAT score (Blood pressure, Exercise, Weight, Alimentation, and Tobacco) between baseline and follow-up Years 1-3. A total of 1020 participants (mean age 50 ± 4 years) were enrolled, of whom 510 were randomly assigned to the intervention and 510 to the control group. The baseline adapted Fuster-BEWAT score was 16.2 ± 3.7 points in the intervention group and 16.5 ± 3.5 points in the control group. At Year 1, the score improved significantly in intervention participants compared with controls [estimate 0.83 (95% CI 0.52-1.15) points]. However, intervention effectiveness decreased to non-significant levels at Year 3 [0.24 (95% CI -0.10 to 0.59) points]. Over the 3-year period, the intervention was effective in participants having low baseline SA [0.61 (95% CI 0.30-0.93) points] but not in those with high baseline SA [0.19 (95% CI -0.26 to 0.64) points]. Conclusion: In middle-aged asymptomatic adults, a lifestyle intervention was associated with a significant improvement in cardiovascular health and behavioural metrics. The effect attenuated after 1 year as the intensity of the intervention was reduced. Trial registration: ClinicalTrials.gov (NCT02561065).</subfield>
   </datafield>
   <datafield ind1="8" ind2=" " tag="024">
      <subfield code="a">Eur Heart J. 2022 Oct 11;43(38):3732-3745</subfield>
   </datafield>
   <datafield ind1="8" ind2=" " tag="024">
      <subfield code="a">http://hdl.handle.net/20.500.13003/18575</subfield>
   </datafield>
   <datafield ind1="8" ind2=" " tag="024">
      <subfield code="a">http://hdl.handle.net/20.500.12105/15651</subfield>
   </datafield>
   <datafield ind1="8" ind2=" " tag="024">
      <subfield code="a">35869885</subfield>
   </datafield>
   <datafield ind1="8" ind2=" " tag="024">
      <subfield code="a">10.1093/eurheartj/ehac378</subfield>
   </datafield>
   <datafield ind1="8" ind2=" " tag="024">
      <subfield code="a">1522-9645</subfield>
   </datafield>
   <datafield ind1="8" ind2=" " tag="024">
      <subfield code="a">European heart journal</subfield>
   </datafield>
   <datafield ind1="8" ind2=" " tag="024">
      <subfield code="a">2-s2.0-8513973895</subfield>
   </datafield>
   <datafield ind1="8" ind2=" " tag="024">
      <subfield code="a">833581400001</subfield>
   </datafield>
   <datafield ind1="8" ind2=" " tag="024">
      <subfield code="a">L638563889</subfield>
   </datafield>
   <datafield ind2="0" ind1="0" tag="245">
      <subfield code="a">Effects of a comprehensive lifestyle intervention on cardiovascular health: the TANSNIP-PESA trial</subfield>
   </datafield>
</record></metadata></record></GetRecord></OAI-PMH>